One Piece Anagramme - Statistiques

Statistiques générales
  • Ce quiz a été pris 2 055 fois
  • Le résultat moyen est 5 sur 20
Statistiques - réponses
Personnage % Correct
Foxy
94%
Gin
90%
John
87%
Joz
86%
Jack
84%
Tom
83%
Kaku
82%
Babe
81%
Baby 5
81%
Gem
81%
Leo
81%
Kong
80%
Zeo
80%
Sabo
79%
Zeff
78%
Kaya
76%
Kiwi
76%
Kong
76%
Bepo
73%
Pica
73%
Sai
73%
Hoe
72%
Ohm
72%
Jinbe
71%
Linlin
71%
Rock
71%
Nami
68%
Tama
68%
Ener
67%
Koala
67%
Pell
67%
Kuro
66%
Koza
65%
Vito
65%
Brook
64%
Hermep
64%
Wapol
63%
Zeus
63%
Kobby
61%
Gol D. Roger
59%
Octy
59%
Alvida
58%
Baggy
58%
Shanks
58%
Izou
57%
Ryuma
56%
Kuzan
55%
Kaido
54%
Hiluluk
53%
Doc Q
52%
Pedro
52%
X Drake
52%
Queen
51%
Roronoa Zoro
51%
Shirahoshi
51%
Ulti
51%
Hina
50%
Jabura
50%
JoyBoy
50%
Marco
50%
Oven
50%
Rocks D. Xebec
50%
Tsuru
50%
Usopp
50%
Chaka
49%
Franky
49%
Jora
49%
Shôjô
49%
Urouge
49%
Vista
49%
Crocus
47%
Dorry
47%
Johnny
47%
Tashigi
47%
Perospero
46%
Doflamingo
45%
Kalifa
45%
Ryokugyû
45%
Yamato
45%
Momonosuke
44%
Trébol
44%
Vegapunk
44%
Vergo
44%
Edward Newgate
43%
Heat
43%
Krieg
43%
Pekoms
43%
Shiliew
43%
Trafalgar.D.Water Law
43%
Boa Hancock
42%
Crocodile
42%
Stussy
42%
Oars
41%
Speed
41%
Bellamy
40%
Brogy
40%
Hack
40%
Kyros
40%
Bartolomeo
39%
Duval
39%
Mozu
39%
Wire
39%
Sakazuki
38%
Yasopp
38%
Drip
37%
Kokoro
37%
Sasaki
37%
Big Mom
36%
Ideo
36%
Katakuri
36%
Monet
36%
Tamago
36%
Ben Beckman
35%
Inazuma
35%
Raizo
35%
Buffalo
34%
Hera
34%
Nojiko
34%
Rika
34%
Belmer
33%
Chinjao
33%
Hyogoro
33%
Kinemon
33%
Makino
33%
Momonga
33%
Wiper
33%
Issho
32%
Kawamatsu
32%
Cavendish
31%
Jesus Burgess
31%
Kuina
31%
Lao G
31%
Patty
31%
Perona
31%
Thatch
31%
Jerry
30%
Laboon
30%
Laffitte
30%
Laura
30%
Monkey D. Garp
30%
Prométhée
30%
Sadi
30%
Spandam
30%
Cracker
29%
Nero
29%
Vinsmoke Sanji
29%
Who's-Who
29%
Hannyabal
28%
Hiyori
28%
Laki
28%
Arlong
27%
Cocoa
27%
Absalom
26%
Jango
26%
Monkey.D.Luffy
26%
Orochi
26%
Rob Lucci
26%
Van Augur
26%
Iceburg
25%
Monkey D. Dragon
25%
Pandaman
25%
Rebecca
25%
Cabaji
24%
Camie
24%
Carrot
24%
Chess
24%
Chiffon
24%
Sengoku
24%
Bon Clay
23%
Magellan
23%
Neptune
23%
Zunesh
23%
Kikunojo
22%
Pierre
22%
Shelly
22%
Vander Decken
22%
Conis
21%
Morley
21%
Pacifistas
21%
Pappug
21%
Portgas D. Rouge
21%
Shinobu
21%
Smoker
21%
Sugar
21%
Flampe
20%
Haguar D. Sauro
20%
Shakuyaku
20%
Blueno
19%
Morgan
19%
Sarquiss
19%
Scotch
19%
Wanze
19%
Barbe Blanche
18%
Brulée
18%
Dalton
18%
Fullbody
18%
Hajrudin
18%
Nefertari Vivi
18%
Otohime
18%
Pauly
18%
Shura
18%
Vasco Shot
18%
Bakkin
17%
Charlos
17%
Gan Forr
17%
Hody Jones
17%
Karoo
17%
Daifuku
16%
Emporio Ivankov
16%
Fukuro
16%
Fukurokuju
16%
Gedatsu
16%
Sanjuan Wolf
16%
Bartholomew Kuma
15%
Daz Bones
15%
Domino
15%
Dosun
15%
Morge
15%
Nezumi
15%
Portgas D. Ace
15%
Yokozuna
15%
Genzo
14%
Killer
14%
Kureha
14%
Nico Robin
14%
Penguin
14%
Pudding
14%
Aladdin
13%
Eustass Kid
13%
Fukaboshi
13%
Igaram
13%
Napoleon
13%
Sodome
13%
Vinsmoke Reiju
13%
Camel
12%
Faust
12%
Hyouzou
12%
Kanjuro
12%
Namur
12%
Squard
12%
Avalo Pizarro
11%
Borsalino
11%
Chocolat
11%
Gaimon
11%
Gonbe
11%
Hogback
11%
Marshall D. Teach
11%
Mocha
11%
Morgans
11%
Opera
11%
Salome
11%
Senor Pink
11%
Yasuie
11%
Zambai
11%
Barbe Brune
10%
Capone Bege
10%
Caribou
10%
Chimney
10%
Disco
10%
Gecko Moria
10%
Gladius
10%
Higuma
10%
Inuarashi
10%
Kalgara
10%
Kozuki Oden
10%
Kumadori
10%
Satori
10%
Sentomaru
10%
Caramel
9%
Clover
9%
Galdino
9%
Amande
8%
Bluejam
8%
Daruma
8%
Farul
8%
Onigumo
8%
Pandawoman
8%
Smiley
8%
Denjiro
7%
Diamante
7%
Dracule Mihawk
7%
Drophy
7%
Haruta
7%
Jewerly Bonney
7%
Machvise
7%
Mont d'Or
7%
Piment
7%
Shachi
7%
Carotte
6%
Cesar Clown
6%
Coribou
6%
Kozuki Toki
6%
Kumacy
6%
Lucky Roo
6%
Mikita
6%
Rossinante
6%
Shirley
6%
Smoothie
6%
Vinsmoke Judge
6%
Wadatsumi
6%
Aphelandra
5%
Bee Anne
5%
Catarina Devon
5%
Corgi
5%
Elizabello 2
5%
Nekomamushi
5%
Porche
5%
Ryuboshi
5%
Saldeath
5%
Terracotta
5%
Vinsmoke Niji
5%
Jean Bart
4%
Ashura Doji
3%
Belo Betty
3%
Black Maria
3%
Boa Sandersonia
3%
Caroline
3%
Compote
3%
Marguerite
3%
Marianne
3%
Megalo
3%
Minorhinoceros
3%
Montblanc Cricket
3%
Nora Gitsune
3%
Page One
3%
Peart
3%
Scratchmen Apoo
3%
Silvers Rayleigh
3%
Turco
3%
Very Good
3%
Vinsmoke Ichiji
3%
Vinsmoke Sora
3%
Whitey Bay
3%
Belladona
2%
Dellinger
2%
Fisher Tiger
2%
Galette
2%
Hamburg
2%
Manshelly
2%
Masira
2%
Outlook III
2%
Vinsmoke Yonji
2%
Alber
0%
Bacura
0%
Bao Huang
0%
Basil Hawkins
0%
Bastille
0%
Blue Gilly
0%
Boa Marigold
0%
Capone pets
0%
Curly Dadan
0%
Dalmatian
0%
Demalo Black
0%
Glorosia
0%
Gomorrhe
0%
Hammond
0%
Haredas
0%
Hattori
0%
Heracles
0%
Hildon
0%
Homing
0%
Icaros Mucchi
0%
Kuromarimo
0%
Little Oars Junior
0%
Manjaro
0%
Minokoala
0%
Minotaure
0%
Minozebre
0%
Mondée
0%
Montblanc Norland
0%
Mounblutain
0%
Nefertari Cobra
0%
Nico Olivia
0%
Onimaru
0%
Porchemy
0%
Praline
0%
Riku Doldo
0%
Riku Viola
0%
Rosward
0%
Sharlia
0%
Tony Tony Chopper
0%
Victoria Cindry
0%
Aucun quiz correspondant
Distribution des résultats
% des personnes avec chaque résultat
Percentile par nombre de réponses
Votre historique - résultats
Vous n’avez pas pris ce quiz